Online Catalogue and eLibrary

India and overseas Indians : (Record no. 2689)

MARC details
000 -LEADER
fixed length control field 00436nam a2200169Ia 4500
005 - DATE AND TIME OF LATEST TRANSACTION
control field 20240513055249.0
008 - FIXED-LENGTH DATA ELEMENTS--GENERAL INFORMATION
fixed length control field 240331s9999 xx 000 0 und d
020 ## - INTERNATIONAL STANDARD BOOK NUMBER
ISBN 8185163618
082 ## - DDC Classification
Item Number - Author Mark SAH
Class No. 331.6
100 ## - MAIN ENTRY--PERSONAL NAME
Personal name Sahadevan, P
245 #0 - TITLE STATEMENT
Title India and overseas Indians :
Remainder of title the case of Sri Lanka
260 ## - PUBLICATION, DISTRIBUTION, ETC.
Place of publication, distribution, etc. New Delhi
Name of publisher, distributor, etc. Kalinga Publications
Date of publication, distribution, etc. 1995
300 ## - PHYSICAL DESCRIPTION
Extent (e.g. Volumes, Pages etc.) vii, 319 p .,
650 ## - SUBJECT ADDED ENTRY--TOPICAL TERM
Topical term or geographic name entry element Social
650 ## - SUBJECT ADDED ENTRY--TOPICAL TERM
Topical term or geographic name entry element Economic
942 ## - Koha item type (Biblio)
Koha item type Books in Stacks (Lending)
Holdings
Lost status Damaged status Collection code Home library Current library Shelving location Date acquired Full call number Accession Number Item type
    Lending WERC Library WERC Library Social Science Cupboard 03/31/2024 331.68 SAH 5091 Books in Stacks (Lending)

© WERC Library